An Introduction to hamiltonian optics (Record no. 4302)

MARC details
000 -LEADER
fixed length control field 00534nam a2200181Ia 4500
003 - CONTROL NUMBER IDENTIFIER
control field IN-BaIIA
008 - FIXED-LENGTH DATA ELEMENTS--GENERAL INFORMATION
fixed length control field 211028s9999 xx 000 0 eng d
040 ## - CATALOGING SOURCE
Transcribing agency IIA Library
080 ## - UNIVERSAL DECIMAL CLASSIFICATION NUMBER
Universal Decimal Classification number 535
Item number BUC
100 ## - MAIN ENTRY--PERSONAL NAME
Personal name Buchdahl, H. A
9 (RLIN) 7560
245 #3 - TITLE STATEMENT
Title An Introduction to hamiltonian optics
Statement of responsibility, etc. H. A. Buchdahl
260 ## - PUBLICATION, DISTRIBUTION, ETC.
Place of publication, distribution, etc. Cambridge
Name of publisher, distributor, etc. Cambridge University Press
Date of publication, distribution, etc. 1970
300 ## - PHYSICAL DESCRIPTION
Extent xv, 360p.
490 ## - SERIES STATEMENT
Series statement Cambridge monographs on physics
650 ## - SUBJECT ADDED ENTRY--TOPICAL TERM
Topical term or geographic name entry element Astronomy and astrophysics thesaurus
650 ## - SUBJECT ADDED ENTRY--TOPICAL TERM
Topical term or geographic name entry element Hamiltonian optics
9 (RLIN) 7561
942 ## - ADDED ENTRY ELEMENTS (KOHA)
Koha item type Books
Holdings
Withdrawn status Lost status Damaged status Not for loan Home library Current library Shelving location Date acquired Cost, normal purchase price Total Checkouts Full call number Barcode Date last seen Cost, replacement price Price effective from Koha item type Purchase Price
        IIA Library-Bangalore IIA Library-Bangalore General Stacks 10/09/1973 108.00   535/ BUC 4801 05/11/2021 108.00 10/09/1973 Books Rs. 108.00

Powered by Koha